Statistics for Countries by First or Last Two Letters in 90 Seconds

Click here to take the quiz!

General Stats

  • This quiz has been taken 3,659 times
  • The average score is 156 of 196

Answer Stats

Country % Correct
Cambodia
98%
Canada
97%
Somalia
96%
Pakistan
96%
Saint Lucia
96%
Indonesia
96%
Russia
96%
India
96%
Macedonia
95%
Algeria
95%
Albania
95%
Costa Rica
95%
Colombia
95%
China
95%
Iran
95%
Australia
95%
Saudi Arabia
95%
South Africa
95%
Austria
95%
Malaysia
95%
South Sudan
95%
Mauritania
95%
Mongolia
95%
Lithuania
94%
Sudan
94%
Cameroon
94%
United Arab Emirates
94%
Turkmenistan
94%
Tunisia
94%
Liberia
94%
United States
94%
Armenia
94%
Kazakhstan
94%
Georgia
93%
Japan
93%
Myanmar
93%
Bolivia
93%
Mexico
93%
Argentina
93%
Angola
93%
Democratic Republic
of the Congo
92%
Monaco
92%
Cape Verde
92%
Oman
92%
Nigeria
92%
Morocco
92%
Madagascar
91%
Namibia
91%
Latvia
90%
Jamaica
90%
Afghanistan
90%
Spain
90%
Uzbekistan
90%
Tajikistan
90%
Taiwan
90%
Botswana
89%
Norway
89%
Dominica
89%
Bosnia and
Herzegovina
89%
Benin
89%
Kyrgyzstan
89%
Bahrain
89%
Swaziland
89%
Chile
89%
Tanzania
89%
Ethiopia
89%
Switzerland
89%
Bulgaria
88%
United Kingdom
88%
Estonia
88%
Ireland
88%
Sweden
88%
Bhutan
88%
Finland
88%
Mali
88%
Jordan
87%
Azerbaijan
87%
Nauru
87%
Antigua and Barbuda
87%
France
87%
Romania
87%
Poland
87%
Serbia
87%
Guyana
87%
Brazil
87%
Maldives
87%
Portugal
86%
Andorra
86%
New Zealand
86%
Chad
86%
Syria
86%
Republic of the Congo
86%
Liechtenstein
86%
Zambia
86%
Slovakia
85%
Nepal
85%
Gambia
85%
Paraguay
85%
Croatia
85%
Slovenia
85%
North Korea
85%
Cote d'Ivoire
84%
Peru
84%
Panama
84%
Papua New Guinea
83%
South Korea
83%
Mauritius
83%
Libya
83%
Iceland
83%
Ghana
83%
Federated States of
Micronesia
82%
Marshall Islands
82%
Guatemala
82%
Venezuela
82%
Central African Republic
81%
Ukraine
81%
Thailand
81%
San Marino
80%
Saint Vincent and the
Grenadines
80%
Comoros
80%
Mozambique
79%
Egypt
79%
Belarus
79%
Malta
79%
Germany
78%
Turkey
78%
Denmark
78%
Suriname
78%
Senegal
78%
Malawi
78%
Netherlands
78%
Greece
77%
Moldova
77%
Italy
76%
Montenegro
76%
Solomon Islands
76%
Yemen
76%
Guinea
76%
Niger
75%
Sierra Leone
75%
Burkina Faso
75%
São Tomé and Príncipe
73%
Cuba
73%
Iraq
73%
Palau
72%
Vanuatu
72%
Laos
71%
Nicaragua
71%
Belgium
71%
Bahamas
70%
Philippines
70%
Seychelles
70%
Guinea-Bissau
69%
Uruguay
69%
Grenada
69%
Belize
69%
Lesotho
69%
Tuvalu
68%
Barbados
67%
Dominican Republic
67%
Czech Republic
66%
Qatar
66%
Bangladesh
66%
Eritrea
65%
Uganda
65%
Brunei
64%
Ecuador
64%
Saint Kitts and Nevis
64%
Kuwait
63%
Kenya
62%
Rwanda
61%
Vietnam
60%
Sri Lanka
59%
Samoa
58%
Equatorial Guinea
57%
Gabon
56%
Honduras
56%
Lebanon
55%
East Timor
54%
Tonga
54%
Togo
53%
El Salvador
51%
Fiji
51%
Haiti
50%
Zimbabwe
50%
Burundi
47%
Israel
47%
Hungary
45%
Cyprus
43%
Kiribati
39%
Djibouti
38%
Vatican City
37%
Trinidad and Tobago
35%
Singapore
35%
Kosovo
30%
Luxembourg
25%

Score Distribution

Percentile by Number Answered

Percent of People with Each Score

Your Score History

You have not taken this quiz